Management Accounting (Record no. 662)

MARC details
000 -LEADER
fixed length control field 00411nam a22001697a 4500
005 - DATE AND TIME OF LATEST TRANSACTION
control field 20180718122208.0
008 - FIXED-LENGTH DATA ELEMENTS--GENERAL INFORMATION
fixed length control field 160512b xxu||||| |||| 00| 0 eng d
020 ## - INTERNATIONAL STANDARD BOOK NUMBER
ISBN 0-7069-9879-9
041 ## - LANGUAGE CODE
Language code of text/sound track or separate title eng
082 ## - DEWEY DECIMAL CLASSIFICATION NUMBER
Item number 1709
Classification number 658.1511
100 ## - MAIN ENTRY--AUTHOR NAME
Personal name Pandey, I.M.
245 ## - TITLE STATEMENT
Title Management Accounting
260 ## - PUBLICATION, DISTRIBUTION, ETC. (IMPRINT)
Place of publication New Delhi
Name of publisher Vikas Publishing
Year of publication 1983
300 ## - PHYSICAL DESCRIPTION
Number of Pages 608p,
650 ## - SUBJECT ADDED ENTRY--TOPICAL TERM
Topical Term Management
942 ## - ADDED ENTRY ELEMENTS (KOHA)
Koha item type Books
Holdings
Lost status Damaged status Collection code Home library Current library Shelving location Date acquired Cost, normal purchase price Full call number Accession Number Koha item type
    MANAGEMENT JRU Library JRU Library SHELF-73-K 12/05/2016 195.00 658.1511 1709 Books
    MANAGEMENT JRU Library JRU Library SHELF-73-K 12/05/2016 195.00 658.1511 1710 Books
    MANAGEMENT JRU Library JRU Library SHELF-73-K 12/05/2016 195.00 658.1511 1711 Books
    Reference JRU Library   SHELF-28-H 12/05/2016 195.00 658.1511 1712 Books